| 000 | 00585aam a2200241 4500 | ||
|---|---|---|---|
| 005 | 20180226163136.0 | ||
| 008 | 150227b xxu||||| |||| 00| 0 eng d | ||
| 020 | _a9789977130019 | ||
| 041 | _aspa | ||
| 082 | _a380.972.86 C8374c27 | ||
| 100 |
_aCosta Rica. Leyes, decretos, etc _91 |
||
| 245 | _aCódigo de Comercio | ||
| 250 | _a27 edición | ||
| 260 | _aCosta Rica | ||
| 260 | _bIJSA | ||
| 260 | _c2018 | ||
| 300 | _a361 páginas | ||
| 650 |
_aCOSTA RICA _945656 |
||
| 650 |
_aCOMERCIO _93 |
||
| 650 |
_aLEGISLACIÓN _94 |
||
| 650 |
_aJURISPRUDENCIA _95 |
||
| 942 | _cBK | ||
| 999 |
_c10345 _d10345 |
||